000 00350nam a2200145Ia 4500
008 230917s9999||||xx |||||||||||||| ||und||
040 _e160411
_aMAIN
041 _aEnglish
082 _a338.4791 M293R
100 _aMishra, Lavkush
245 0 _aReligious tourism in India
260 _aNew Delhi
_bMohit
_c2000
300 _a233 p.
942 _cBK
999 _c137717
_d137717